000 00901cam a2200313 a 4500
001
003 OSt
005 20220107122805.0
008 001002s2000 nyuaf b 001 0 eng c
010 _a
015 _a
020 _a9783540008613
040 _cIIITMK
082 0 0 _a616.07548 KUM/M
_2
100 _aKummer, Rudiger Von(Ed.)
_97792
245 0 0 _aMagnetic resonance imaging in ischemic stroke
_cedited by Kummer, Rudiger Von et. al.
260 _aHeidelberg,
_bSpringer,
_c2006.
300 _axii,304p.
_b
650 0 _aMEDICINE
_97793
650 0 _aMEDICAL RADIOLOGY
_97801
650 0 _aDIAGNOSTIC IMAGING
_97794
650 0 _aCEREBRAL ISCHEMIA
_97795
650 0 _aCEREBROVASCULAR DISEASE
_97796
650 0 _aBRAIN ISCHEMIA
_97797
650 0 _aMAGNETIC RESONANCE IMAGING
_97798
650 0 _aISCHEMIC STROKE
_97799
700 1 _aBlack, Tobias (Ed.)
_97800
942 _2ddc
_cBK
999 _c4832
_d4832